World economic outlook sustaining the recovery

Saved in:
Bibliographic Details
Format: Book
Language:English
Published: Washington, D.C. International Monetary Fund 2009
Series:World economic and financial surveys
Subjects:
Tags: Add Tag
No Tags, Be the first to tag this record!

MARC

LEADER 00000nam$a2200000$$$4500
001 0107618
005 20260105092430.1
020 |a 978-1-58906-807-0 
022 |a 0256-6877 
041 0 |a eng 
044 |a US 
245 1 0 |a World economic outlook  |b sustaining the recovery 
264 1 |a Washington, D.C.  |b International Monetary Fund  |c 2009 
300 |a 208 s. 
490 1 |a World economic and financial surveys 
830 0 |a World economic and financial surveys 
610 2 0 |a hospodárstvo svetové 
610 2 0 |a politika hospodárska medzinárodná 
610 2 0 |a politika finančná 
610 2 0 |a politika peňažná 
610 2 0 |a metódy ekonometrické 
610 2 0 |a kríza finančná 
610 2 0 |a prognózy